Designing management information systems / (Record no. 740)

MARC details
000 -LEADER
fixed length control field 01819cam a2200385 a 4500
001 - CONTROL NUMBER
control field 15447412
005 - DATE AND TIME OF LATEST TRANSACTION
control field 20210414113928.0
008 - FIXED-LENGTH DATA ELEMENTS--GENERAL INFORMATION
fixed length control field 080911s2009 enka b 001 0 eng
010 ## - LIBRARY OF CONGRESS CONTROL NUMBER
LC control number 2008039287
020 ## - INTERNATIONAL STANDARD BOOK NUMBER
International Standard Book Number 9780199546329
020 ## - INTERNATIONAL STANDARD BOOK NUMBER
International Standard Book Number 9780199546336 (pbk.)
020 ## - INTERNATIONAL STANDARD BOOK NUMBER
International Standard Book Number 0199546320
020 ## - INTERNATIONAL STANDARD BOOK NUMBER
International Standard Book Number 0199546339 (pbk.)
035 ## - SYSTEM CONTROL NUMBER
System control number (OCoLC)244417267
035 ## - SYSTEM CONTROL NUMBER
System control number (OCoLC)ocn244417267
040 ## - CATALOGING SOURCE
Original cataloging agency DLC
Transcribing agency DLC
Modifying agency BTCTA
-- BAKER
-- YDXCP
-- BWKUK
-- BWK
-- NLGGC
-- DLC
050 00 - LIBRARY OF CONGRESS CALL NUMBER
Classification number HD30.213.H447
Item number
082 00 - DEWEY DECIMAL CLASSIFICATION NUMBER
Classification number 658.4/038011
Edition number 22
084 ## - OTHER CLASSIFICATION NUMBER
Classification number 85.20
Number source bcl
100 1# - MAIN ENTRY--PERSONAL NAME
Personal name Heijden, Johannes Govardus Maria van der,
Dates associated with a name 1969-
245 10 - TITLE STATEMENT
Title Designing management information systems /
Statement of responsibility, etc. Hans van der Heijden.
260 ## - PUBLICATION, DISTRIBUTION, ETC.
Place of publication, distribution, etc. Oxford ;
-- New York :
Name of publisher, distributor, etc. Oxford University Press,
Date of publication, distribution, etc. 2009.
300 ## - PHYSICAL DESCRIPTION
Extent xvi, 144 p. :
Other physical details ill. ;
Dimensions 24 cm.
504 ## - BIBLIOGRAPHY, ETC. NOTE
Bibliography, etc. note Includes bibliographical references (p. [139]-142) and index.
505 ## - FORMATTED CONTENTS NOTE
Formatted contents note Contents: Management information systems -- Structuring data,part 1 -- Structuring data,part 2 -- Querying data -- Aggregating data -- Visualizing data -- Monitoring keyperformance indicators -- Selecting alternatives -- Epilogue --
650 #0 - SUBJECT ADDED ENTRY--TOPICAL TERM
Topical term or geographic name entry element Management information systems.
650 #0 - SUBJECT ADDED ENTRY--TOPICAL TERM
Topical term or geographic name entry element Information resources management.
650 #0 - SUBJECT ADDED ENTRY--TOPICAL TERM
Topical term or geographic name entry element Decision support systems.
856 41 - ELECTRONIC LOCATION AND ACCESS
Materials specified Table of contents only
Uniform Resource Identifier <a href="http://www.loc.gov/catdir/toc/ecip0827/2008039287.html">http://www.loc.gov/catdir/toc/ecip0827/2008039287.html</a>
856 42 - ELECTRONIC LOCATION AND ACCESS
Materials specified Contributor biographical information
Uniform Resource Identifier <a href="http://www.loc.gov/catdir/enhancements/fy0908/2008039287-b.html">http://www.loc.gov/catdir/enhancements/fy0908/2008039287-b.html</a>
856 42 - ELECTRONIC LOCATION AND ACCESS
Materials specified Publisher description
Uniform Resource Identifier <a href="http://www.loc.gov/catdir/enhancements/fy0908/2008039287-d.html">http://www.loc.gov/catdir/enhancements/fy0908/2008039287-d.html</a>
906 ## - LOCAL DATA ELEMENT F, LDF (RLIN)
a 7
b cbc
c orignew
d 1
e ecip
f 20
g y-gencatlg
942 ## - ADDED ENTRY ELEMENTS (KOHA)
Source of classification or shelving scheme Library of Congress Classification
Koha item type Books
Holdings
Withdrawn status Lost status Source of classification or shelving scheme Damaged status Not for loan Home library Current library Shelving location Date acquired Total Checkouts Full call number Barcode Date last seen Copy number Price effective from Koha item type
    Library of Congress Classification     WISCONSIN INTERNATIONAL UNIVERSITY COLLEGE, GHANA - MAIN LIBRARY WISCONSIN INTERNATIONAL UNIVERSITY COLLEGE, GHANA - MAIN LIBRARY General Stacks 20/04/2012   HD30.213.H447 1791/12 20/04/2012 1 20/04/2012 Books
    Library of Congress Classification     WISCONSIN INTERNATIONAL UNIVERSITY COLLEGE, GHANA - MAIN LIBRARY WISCONSIN INTERNATIONAL UNIVERSITY COLLEGE, GHANA - MAIN LIBRARY General Stacks 20/04/2012   HD30.213.H4471 1792/12 20/04/2012 2 20/04/2012 Books

If you have any concerns or questions; kindly contact the library


© Powered by WIUC ICT DIRECTORATE